000
00250nam a2200097Ia 4500
001
642396
005
20250826153525.0
008
250824s9999 xx 000 0 und d
245
0
_a
Ece Yüce/Ece nin Kardeşi Doğdu
_c
Gülten Dayıoğlu
260
_b
ALTIN
999
_c
642396
_d
642396